| 000 | 00470nam a2200193Ia 4500 | ||
|---|---|---|---|
| 003 | OSt | ||
| 005 | 20251103144025.0 | ||
| 008 | 210210b1978 xxu||||| |||| 00| 0 eng d | ||
| 040 | _cAL | ||
| 041 | _aEnglish | ||
| 082 | _a657.46 PRAO | ||
| 100 |
_aPRASAD (Bhagwati) _9141318 |
||
| 245 | _aOutline of income tax law | ||
| 260 |
_aAligarh. _bNavman Prakashan, _c1978 |
||
| 300 | _a394,44,xii | ||
| 690 |
_aIncome Tax _9141319 |
||
| 906 | _aSG01524 | ||
| 942 |
_2ddc _cBK |
||
| 999 |
_c113067 _d113067 |
||